Les dictacteurs du XXe siècle 1 * Vrai/Faux - Statistiques

Statistiques générales
  • Ce quiz a été pris 60 fois
  • Le résultat moyen est 25 sur 50
Statistiques - réponses
Question Réponse % Correct
Emprisonné, il rédige "Mein Kampf" dont le titre peut se traduire par "Ce que je crois" FAUX
100%
Le père de Staline était un paysan FAUX
100%
Adolf Hitler est né en 1889 en Autriche-Hongrie. VRAI
100%
En envahissant la Pologne, Adolf Hitler déclenche la Seconde Guerre mondiale en septembre 1939 VRAI
100%
Adolf Hitler n'a pas eu d'enfant. Il s'est marié en 1945 VRAI
100%
Le nom Staline évoque l'acier VRAI
100%
En 1944, Joseph Staline fait partie des trois grands qui assistent à la conférence de Yalta VRAI
100%
Les parents d'Adolf Hitler ont eu 6 enfants entre mai 1885 et janvier 1896, 5 sont morts en bas âge FAUX
67%
Philippe Pétain devient maréchal de France en novembre 1918, essentiellement pour avoir vaincu à Verdun en 1914 FAUX
67%
Condamné à mort en août 1945, Philippe Pétain est fusillé le 23 juillet 1946 aprés épuisement des voies de recours FAUX
67%
Adolf Hitler a envisagé après la 1ère Guerre mondiale de devenir artiste peintre VRAI
67%
Un neveu d'Hitler a combattu dans les rangs américains pendant la Seconde Guerre mondiale VRAI
67%
Joseph Staline est un pseudonyme VRAI
67%
Joseph Staline a été marié deux fois et a eu 3 enfants VRAI
67%
La première épouse de Staline est morte à 22 ans VRAI
67%
Joseph Staline terrorisait tellement son entourage que le découvrant inconscient le 2 mars 1953, celui-ci n'ose appeler un médecin VRAI
67%
Benito Mussolini s'installe en Suisse pour échapper au service militaire VRAI
67%
Benito Mussolini meurt fusillé par des partisans en avril 1945. VRAI
67%
Francisco Franco se préparait à être marin, c'est la fermeture de l'école qui l'a conduit vers l'armée de terre VRAI
67%
Au début de sa carrière militaire, Francisco Franco a servi en Afrique VRAI
67%
Chef des troupes insurgés contre le gouvernement de gauche, Francisco Franco devient chef de l'Etat suite à un coup d'Etat le 1er octobre 1936 VRAI
67%
Pendant la Seconde Guerre mondiale, Francisco Franco refuse d'engager l'Espagne dans la guerre. VRAI
67%
Francisco Franco n'a eu qu'une fille. C'est le roi Juan Carlos qui, comme l'avait prévu le dictateur, lui succède VRAI
67%
Philippe Pétain descend d'une lignée de cultivateurs VRAI
67%
Philippe Pétain doit prendre sa retraite à l'été 1914 quand début la guerre VRAI
67%
Adolf Hitler tente son premier coup d'état en 1921 FAUX
33%
Adolf Hitler devient chancelier en janvier 1933 et officiellement "fuhrer" en août suivant. FAUX
33%
Joseph Staline est né en 1898 en Géorgie FAUX
33%
Benito Mussolini est né en 1883 en Sicile FAUX
33%
Benito Mussolini commence à travailler comme représentant de commerce FAUX
33%
Benito Mussolini devient Premier ministre en octobre 1922 après la Longue marche FAUX
33%
A partir de 1926, Francisco Franco sert dans la Légion espagnole, la meilleure unité de l'armée FAUX
33%
Philippe Pétain a pour premier prénom Omer FAUX
33%
Adolf Hitler était végétarien VRAI
33%
Benito Mussolini a été prénommé Benito en hommage à Benito Juarez, héros de l'indépendance du Mexique VRAI
33%
Le père de Benito Mussolini était de gauche et a même été considéré comme anarchiste VRAI
33%
Benito Mussolini est renvoyé de son école en 1893 après avoir blessé avec un couteau un autre élève VRAI
33%
Blessé au cours d'un exercice et non au front, Benito Mussolini est réformé en 1917 VRAI
33%
Francisco Franco descend d'une longue lignée de marins au service de l'Espagne, son père est officier VRAI
33%
Francisco Franco a eu une soeur et deux frères, l'un était pilote, l'autre marin VRAI
33%
Jusqu'en 1934, Francisco Franco se tient à l'écart de la politique et poursuit une brillante carrière militaire et est nommé chef d'état-major en mai 1935 VRAI
33%
Philippe Pétain multiplie les conquêtes féminines et ne se marie qu'après 60 ans VRAI
33%
Joseph Staline devient Secrétaire général du Comité central du PC en 1924 après la mort de Lénine FAUX
0%
Le père de Benito Mussolini est cordonnier FAUX
0%
Francisco Franco est né en 1892 ans les Asturies FAUX
0%
Philippe Pétain est né en 1856 dans le Pas-de-Calais comme le général de Gaulle FAUX
0%
Plusieurs fois ministre, Philippe Pétain apparait comme un recours en 1940. il reçoit les pleins pouvoirs le 14 juillet 1940 FAUX
0%
Le compositeur Prokofiev est mort le même jour que Joseph Staline VRAI
0%
Philippe Pétain a commencé à parler à trois ans VRAI
0%
Dans l'entre-deux-guerre, il s'oppose à la construction de la Ligne Maginot VRAI
0%
Aucun quiz correspondant
Distribution des résultats
% des personnes avec chaque résultat
Percentile par nombre de réponses
Votre historique - résultats
Vous n’avez pas pris ce quiz